| 000 | 00687nam a2200217Ia 4500 | ||
|---|---|---|---|
| 003 | GCL | ||
| 008 | 140319s9999 xx 000 0 ara d | ||
| 040 |
_aGCL / _cGCL |
||
| 082 | 0 | 4 |
_a332.4 _bس ن |
| 100 | 1 | _aسهير محمد السيد حسن | |
| 245 | 1 | 0 |
_aالنقود والتوازن الاقتصادى / _cسهير محمد السيد حسن |
| 260 |
_aالقاهرة : _bمؤسسة شباب الجامعة ، _c1985 |
||
| 300 |
_a361 ص ؛ _c24 سم |
||
| 490 | _a | ||
| 650 | 0 | 4 | _aالنقود |
| 650 | 0 | 4 | _aالاوراق المالية |
| 650 | 0 | 4 | _aالبنوك |
| 650 | 0 | 4 | _aالتوازن الاقتصادى |
| 650 | 0 | 4 | _aقاعدة الذهب |
| 942 |
_2ddc _cBK |
||
| 999 |
_c55507 _d55507 |
||